| 000 -LEADER |
| fixed length control field |
nam a22 7a 4500 |
| 005 - DATE AND TIME OF LATEST TRANSACTION |
| control field |
20190523015744.0 |
| 008 - FIXED-LENGTH DATA ELEMENTS--GENERAL INFORMATION |
| fixed length control field |
190523b xxu||||| |||| 00| 0 eng d |
| 020 ## - IDENTIFIER FOR THE MANIFESTATION |
| Identifier for the Manifestation |
9788129118301 |
| Binding |
paperback |
| 040 ## - CATALOGING SOURCE |
| Language of Cataloging |
eng |
| Transcribing Agency |
APEC Schools Library |
| Description Conventions |
rda |
| 082 ## - DEWEY DECIMAL CLASSIFICATION NUMBER |
| Classification number |
C 510 |
| Author's Number |
C559q 2011 |
| 100 ## - CREATOR |
| Preferred Name of the Person |
Chungh, Sunil |
| 245 ## - TITLE AND STATEMENT OF RESPONSIBILITY |
| Preferred Title Proper |
Quick maths / |
| Statement of Responsibility/Parallel Statement of Responsibility |
Sunil Chungh |
| 264 ## - PUBLICATION STATEMENT |
| Place of publication, distribution, etc |
New Delhi : |
| Publisher's Name/Parallel Publisher's Name |
Rupa Publications India Pvt. Ltd., |
| Copyright |
©2011. |
| 300 ## - PHYSICAL DESCRIPTION |
| Extent |
156 pages ; |
| Dimensions |
20 cm |
| 336 ## - RDA CONTENT |
| Source |
rdacontent |
| Content Type |
text |
| 337 ## - RDA MEDIA |
| Source |
rdamedia |
| Media Type |
unmediated |
| 338 ## - RDA CARRIER |
| Source |
rdacarrier |
| Carrier Type |
volume |
| 942 ## - ADDED ENTRY ELEMENTS (KOHA) |
| Source of Classification |
|
| Koha Item Type |
Non Fiction |